Knowing man / (Record no. 4882)

MARC details
000 -LEADER
fixed length control field 00968cam a2200349 a 4500
001 - CONTROL NUMBER
control field 13575
003 - CONTROL NUMBER IDENTIFIER
control field GBCCL
005 - DATE AND TIME OF LATEST TRANSACTION
control field 20241126110529.0
008 - FIXED-LENGTH DATA ELEMENTS--GENERAL INFORMATION
fixed length control field 850306c19791978ilu b 00010 eng d
010 ## -
-- cn 86001055
015 ## -
-- C86-1055-4
020 ## - INTERNATIONAL STANDARD BOOK NUMBER
International Standard Book Number 089107175X
035 ## - SYSTEM CONTROL NUMBER
System control number OCM16065739
040 ## - CATALOGING SOURCE
Original cataloging agency NLC
Language of cataloging eng
Transcribing agency NLC
Modifying agency m/c
-- LBB
043 ## -
-- e-uk---
049 ## -
-- LBBK
-- LBBC
-- LBBA
055 00 -
-- BV4510 .2
-- P33 1979
055 01 -
-- BV4510.2
082 0# - DEWEY DECIMAL CLASSIFICATION NUMBER
Classification number 211.6
Edition information 19
Item number PAC
100 1# - MAIN ENTRY--PERSONAL NAME
Personal name Packer, J. I.
Fuller form of name (James Innell)
9 (RLIN) 2241
240 10 -
-- For man's sake
245 10 - TITLE STATEMENT
Title Knowing man /
Statement of responsibility, etc. J. I. Packer.
250 ## - EDITION STATEMENT
Edition statement Crossway Books ed.
260 ## - PUBLICATION, DISTRIBUTION, ETC.
Place of publication, distribution, etc. Westchester, Ill. :
Name of publisher, distributor, etc. Crossway Books,
Date of publication, distribution, etc. 1979, c1978.
300 ## - PHYSICAL DESCRIPTION
Extent 104 p. ;
Dimensions 21 cm.
650 #0 - SUBJECT ADDED ENTRY--TOPICAL TERM
Topical term or geographic name entry element Secularism.
9 (RLIN) 1226
650 #0 - SUBJECT ADDED ENTRY--TOPICAL TERM
Topical term or geographic name entry element Humanism.
9 (RLIN) 4741
650 #0 - SUBJECT ADDED ENTRY--TOPICAL TERM
Topical term or geographic name entry element Man (Christian theology)
9 (RLIN) 2838
700 1# - ADDED ENTRY--PERSONAL NAME
Personal name Packer, J. I.
Fuller form of name (James Innell)
Title of a work Knowing man.
9 (RLIN) 8885
740 0# -
-- For man's sake.
942 ## - ADDED ENTRY ELEMENTS (KOHA)
Source of classification or shelving scheme Dewey Decimal Classification
Koha item type Books
Holdings
Withdrawn status Lost status Source of classification or shelving scheme Damaged status Not for loan Home library Current Library Shelving location Date acquired Total checkouts Full call number Barcode Date last seen Copy number Price effective from Koha item type
    Dewey Decimal Classification     GRACE BIBLE COLLEGE GRACE BIBLE COLLEGE Philosophy and Religion 2018-02-12   211.6 PAC 000856 2025-05-01 c.1 2018-02-12 Books
© Grace Bible College Library 2025